000 02115cam a22003137a 4500
003 OSt
005 20240530110423.0
008 120516s2011 ua afo f 000 0deng d
020 _a9789774165238
040 _aEG-CaGPL
_cEG-CaGPL
082 0 4 _221
_a916.216
_bCC/D S
100 1 _aDobrowolska, Agnieszka.
245 1 4 _aThe Sultan's fountain :
_ban imperial story of Cairo, Istanbul, and Amsterdam /
_cAgnieszka Dobrowolska, Jarosław Dobrowolski.
250 _aA Netherlands-Flemish Institute in Cairo ed.
260 _aCairo ;
_aNew York :
_bAmerican University in Cairo,
_c2011.
300 _axiii, 182 p. :
_bchiefly col. ill. ;
_c24 cm.
500 _aThe small sabil-kuttab (a charitable foundation particular to Cairo that combines a public water dispensary with a Quranic school) built in 1760 opposite the venerated Sayida Zeinab Mosque is almost unique in Cairo: it is one of only two dedicated by a reigning Ottoman sultan, and - astonishingly - it is decorated inside with blue-and-white tiles from Amsterdam depicting happy scenes from the Dutch countryside. Why did the sultan, Mustafa III, cloistered in his Istanbul palace, decide to build a sabil in Cairo? Why did he choose this site for it? How did it come to be adorned with Dutch tiles? What were the connections between Cairo, Istanbul, and Amsterdam in the middle of the eighteenth century? The authors answer these questions and many more in this entertaining and beautifully illustrated history of an extraordinary building, describing also the recent conservation efforts to preserve it for posterity. - Inside front cover.
650 0 _aDrinking fountains
_zEgypt.
650 0 _aIslamic architecture
_zEgypt
_zCairo
_y18th century.
650 0 _aIslamic architecture
_xConservation and restoration.
650 0 _aDelftware.
650 0 _aIslamic art
_zEgypt.
651 0 _aCairo (Egypt)
_xDescription and travel.
700 1 _aDobrowolski, Jarosław.
710 2 _aNederlands-Vlaams Instituut in Cairo.
942 _2ddc
_cBK
999 _c60700
_d60700